Interrogating boundaries of the nonhuman : literature, climate change, and environmental crises /

This collection asks whether literary works that interrogate and alter the terms of human-nonhuman relations can point to new, more sustainable ways forward.

Bibliographic Details
Other Authors: Stephan, Matthias (Editor), Borkfelt, Sune (Editor)
Format: Book
Language:English
Published: Lanham, Maryland : Lexington Books, [2022].
Subjects:

MARC

Tag First Indicator Second Indicator Subfields
LEADER 00000cam a2200000 i 4500
001 in00004584708
003 OCoLC
005 20220914205404.6
008 220216t20222022mdu b 001 0 eng
010 |a  2022007948 
040 |a DLC  |e rda  |c DLC 
020 |a 9781666903768  |q hardcover 
020 |a 1666903760  |q hardcover 
020 |z 9781666903775  |q electronic book 
035 |a (OCoLC)1298712408 
050 0 0 |a PN56.H76  |b I58 2022 
082 0 0 |a 809/.93353  |2 23/eng/20220216 
245 0 0 |a Interrogating boundaries of the nonhuman :  |b literature, climate change, and environmental crises /  |c edited by Matthias Stephan and Sune Borkfelt. 
264 1 |a Lanham, Maryland :  |b Lexington Books,  |c [2022]. 
264 4 |c Â©2022. 
300 |a x, 273 pages ;  |c 24 cm. 
336 |a text  |b txt  |2 rdacontent 
337 |a unmediated  |b n  |2 rdamedia 
338 |a volume  |b nc  |2 rdacarrier 
504 |a Includes bibliographical references and index. 
520 |a This collection asks whether literary works that interrogate and alter the terms of human-nonhuman relations can point to new, more sustainable ways forward. 
650 0 |a Human ecology in literature. 
650 0 |a Human-animal relationships in literature. 
650 0 |a Nature  |x Effect of human beings on. 
650 0 |a Ecocriticism. 
700 1 |a Stephan, Matthias,  |e editor. 
700 1 |a Borkfelt, Sune,  |e editor. 
945 |b 360816 
947 |a A14851586116 
980 |b print  |c 40031178670  |f NONFIC/B  |g 565714  |k USD  |m 85.05  |q 1  |s AcqMono Conventional  |t Approval plan  |u Vendor order reference number  |v ZYBP  |y Print approval  |z Physical resource 
999 f f |i 95a1db70-90ac-4a2d-b511-c94949b6eccc  |s f5cb59f2-a87d-4eca-8b68-2b92e0e40435  |t 0 
952 f f |p normal  |a Texas A&M University  |b College Station  |c Sterling C. Evans Library  |s Evans stk  |d Evans: Library Stacks  |t 0  |e PN56.H76 I58 2022  |h Library of Congress classification  |i unmediated -- volume  |m A14851586116